| 000 | 01131nmm a2200361 a 4500 | ||
|---|---|---|---|
| 003 | AR-BaBNM | ||
| 005 | 20251128205459.0 | ||
| 008 | 011101s1997 ||||||||||||||000 | spa|| | ||
| 020 | _a950-802-060-1 | ||
| 040 | _cAR-BaBNM | ||
| 110 | 2 | _aCentro Claudina Thévenet | |
| 245 | 1 | 0 |
_aIntegración escolar _bun desafío y una realidad |
| 250 | _a1ª ed. | ||
| 260 |
_aBuenos Aires _bEspacio _c1997 |
||
| 300 | 0 | _a192 p. | |
| 500 | 0 | _aContiene referencias bibliográficas al final de cada ponencia | |
| 650 | 4 | _aEDUCACION ESPECIAL | |
| 650 | 4 | _aSINDROME DE DOWN | |
| 650 | 4 | _aINTEGRACION ESCOLAR | |
| 650 | 4 | _aINTEGRACION SOCIAL | |
| 650 | 4 | _aEDUCACION DE SORDOS | |
| 650 | 4 | _aSORDOS | |
| 653 | 0 | _aEDUCACION GENERAL BASICA | |
| 653 | 0 | _aPROYECTO EDUCATIVO INSTITUCIONAL | |
| 653 | 0 | _aDISCAPACITADOS | |
| 653 | 0 | _aDISCAPACIDAD MOTORA | |
| 653 | 0 | _aLEY FEDERAL DE EDUCACION | |
| 653 | 0 | _aNECESIDADES EDUCATIVAS ESPECIALES | |
| 653 | 0 | _aADAPTACIONES CURRICULARES | |
| 711 | 2 |
_aEncuentro de integración escolar de la Argentina _n1 _cBuenos Aires, Argentina _9oct. 18-19 _d1996 |
|
| 942 | _cBK | ||
| 998 | _csilvi | ||
| 999 |
_c11563 _d11563 |
||